ბათუმის შოთა რუსთაველის სახელმწიფო უნივერსიტეტის ბიბლიოთეკა

დასავლეთის ქვეყნების ურბანსოციოლოგია : სახელმძღვ. მაგისტრანტებისათვის / (ბიბ.ჩანაწერი № 38511)

000 -ლიდერი
ფიქსირებული სიგრძის საკონტროლო ველი 01159nam a2200253Ia 4500
001 - საკონტროლო ნომერი
საკონტროლო ველი 4612
003 - საკონტროლო ნომრის იდენტიფიკატორი
საკონტროლო ველი GE_BSU
005 - ბოლო ოპერაციის თარიღი და დრო
საკონტროლო ველი 20190510181136.0
008 - ფიქსირებული სიგრძის მონაცემთა ელემენტები - ზოგადი ინფორმაცია
ფიქსირებული სიგრძის საკონტროლო ველი 181216s200 ||||ge |||||||||||||| ||geo||
020 ## - წიგნის საერთაშორისო სტანდარტული ნომერი
International Standard Book Number 9992832126
040 ## - კატალოგიზაციის წყარო
Transcribing agency GE_BSU
041 ## - ენის კოდი
Language code of text/sound track or separate title geo
080 ## - უნივერსალური ათობითი კლასიფიკაციის ინდექსი
Universal Decimal Classification number 316.2(075.8) ს-93
100 ## - მთავარი ჩანაწერი - პიროვნების სახელი
Personal name სულუხია, თამარ
9 (RLIN) 987
245 ## - ცნობა სათაურის შესახებ
Title დასავლეთის ქვეყნების ურბანსოციოლოგია : სახელმძღვ. მაგისტრანტებისათვის /
Statement of responsibility, etc თამარ სულუხია ; ლია კაჭარავა
264 ## - წარმოების, გამოცემის, დისტრიბუციის და სხვა ცნობები
გამოცემის, წარმოების, დისტრიბუციის... ადგილი თბილისი . :
გამოცემის, წარმოების, დისტრიბუციის... სახელწოდება მერიდიანი,
გამოცემის, წარმოების, დისტრიბუციის... თარიღი 2001.
300 ## - ფიზიკური აღწერა
Extent 160გვ .;
Dimensions 20სმ.
440 ## - სერიის ცნობა / დამატებულია ჩანაწერი - სათაური
Title სოციალურ მეცნიერებათა სერია
9 (RLIN) 955
504 ## - BIBLIOGRAPHY, ETC. NOTE
Bibliography, etc ბიბლიოგრ.: გვ. 157-159
653 ## - INDEX TERM--UNCONTROLLED
Uncontrolled term დასავლეთის ქვეყნების ურბანსოციოლოგია
653 ## - INDEX TERM--UNCONTROLLED
Uncontrolled term ურბანისტიკა
700 ## - ADDED ENTRY--PERSONAL NAME
Personal name კაჭარავა, ლია
9 (RLIN) 988
942 ## - ADDED ENTRY ELEMENTS (KOHA)
Koha item type წიგნი
Source of classification or shelving scheme
ეგზემპლარები
ჩამოწერის სტატუსი დაკარგული ეგზემპლარის სტატუსი კლასიფიკაციის წყარო ან თაროზე გაწყობის სქემა დაზიანების სტატუსი არ გაიცემა მუდმივი მდებარეობა (დაცვის ადგილი) ამჟამინდელი ადგილსამყოფელი თაროზე განთავსების ადგილი შეძენის თარიღი სრული შენახვის შიფრი შტრიხკოდი ბოლო ოპერაციის თარიღი ეგზემპლარის მიმდევრობითი ნომერი (კეტერი?) ფასის ძალაში შესვლის თარიღი ეგზემპლარის სახეობა
          ტექნოლოგიური ფაკულტეტის ბიბლიოთეკა ტექნოლოგიური ფაკულტეტის ბიბლიოთეკა წიგნსაცავი 2018-12-17 316.2(075.8) ს-93 8350 2018-12-17 8350 2018-12-17 წიგნი